000 00607nam a2200205Ia 4500
005 20250508151104.0
008 008 250505s9999 xx 000 0 eng d
037 _aTextual
040 _aFEDL
_beng
_cFEDL
041 _aeng
_2eng
084 _a300.7, MCL
_qFEDL
100 _aMclean Donald
_9277274
245 0 _aNow and then : Social studies for fifth grade
260 _aSydeny
_bShakespeare Head Press
_c1952
300 _a87p.
490 _aThe Learning Experience Series
650 _aSocial Science - Teaching
_9756799
942 _cTEXL
_h300.7, MCL
999 _c1327526
_d1327526